Happy hippopotami (The)/ (Record no. 103964)
[ view plain ]
| 000 -LEADER | |
|---|---|
| fixed length control field | 00717nam a2200193 a 4500 |
| 005 - DATE AND TIME OF LATEST TRANSACTION | |
| control field | 20140412111310.0 |
| 008 - FIXED-LENGTH DATA ELEMENTS--GENERAL INFORMATION | |
| fixed length control field | 000818s19uu xx 00 eng d |
| 020 ## - INTERNATIONAL STANDARD BOOK NUMBER | |
| International Standard Book Number | 0-15-233380-0 |
| 050 ## - LIBRARY OF CONGRESS CALL NUMBER | |
| Classification number | TR(PS E |
| Item number | Ha21 1970 |
| 100 ## - MAIN ENTRY--PERSONAL NAME | |
| Personal name | Martin, Bill, 1916 |
| 245 ## - TITLE STATEMENT | |
| Title | Happy hippopotami (The)/ |
| Statement of responsibility, etc | by Bill Martin Jr ; illustrated by Betsy Everitt. |
| 260 ## - PUBLICATION, DISTRIBUTION, ETC. (IMPRINT) | |
| Place of publication, distribution, etc | San Diego : |
| Name of publisher, distributor, etc | Voyager Books/Harcourt Brace & Comp, |
| Date of publication, distribution, etc | 1970. |
| 300 ## - PHYSICAL DESCRIPTION | |
| Extent | 1 v. (unp.) ; ill. |
| 520 ## - SUMMARY, ETC. | |
| Summary, etc | The happy hippopotami enjoy a merry hliday at the beach, waering pretty beach pajamas, dancing the maypole, and battling with water guns. |
| 650 ## - SUBJECT ADDED ENTRY--TOPICAL TERM | |
| Topical term or geographic name as entry element | Hippopotamus-Fiction |
| 650 ## - SUBJECT ADDED ENTRY--TOPICAL TERM | |
| Topical term or geographic name as entry element | Beaches-Fiction |
| 650 ## - SUBJECT ADDED ENTRY--TOPICAL TERM | |
| Topical term or geographic name as entry element | Stories in rhyme |
| Withdrawn status | Lost status | Damaged status | Use restrictions | Home library | Current library | Shelving location | Date acquired | Source of acquisition | Total Checkouts | Full call number | Barcode | Date last seen | Price effective from | Koha item type |
|---|---|---|---|---|---|---|---|---|---|---|---|---|---|---|
| Elizalde Library | Elizalde Library | Teachers Reference Section | 08/18/2000 | TR(PS E Ha21 1970 | E6169 | 04/12/2014 | 04/12/2014 | Books |